Podniková ekonomika a manažment elektronický odborný časopis o ekonomike, manažmente, marketingu a logistike podniku

Problematika oblasti ekonomiky a manažmentu podniku, marketingu a logistiky ziskových výrobných a služby poskytujúcich organizácií, spoločenských a neziskových inštitúcií a nových podnikových štruktúr.

Gespeichert in:
Bibliographische Detailangaben
Format: Schriftenreihe
Sprache:Slowakisch
Veröffentlicht: Žilina Žilinská univerzita v Žiline
Schlagworte:
Tags: Tag hinzufügen
Keine Tags, Fügen Sie das erste Tag hinzu!

MARC

LEADER 00000nls1a2200000$$$4500
001 0057779
005 20240209075537.1
022 |a 1336-5878 
041 0 |a slo 
044 |a SK 
245 1 0 |a Podniková ekonomika a manažment  |b elektronický odborný časopis o ekonomike, manažmente, marketingu a logistike podniku 
264 1 |a Žilina  |b Žilinská univerzita v Žiline 
520 |a Problematika oblasti ekonomiky a manažmentu podniku, marketingu a logistiky ziskových výrobných a služby poskytujúcich organizácií, spoločenských a neziskových inštitúcií a nových podnikových štruktúr. 
610 2 0 |a riadenie podnikové 
610 2 0 |a manažment 
610 2 0 |a doprava 
610 2 0 |a logistika podniková